Saksa-tietovisa - Statistics

Yleistilastot
  • Tätä visaa on pelattu 66 kertaa
  • Keskiarvotulos 5 / 9
Vastaustilastot
Hint Vastaus % Oikein
Pääkaupunki Berliini
100%
Saksan pinta-alaltaan suurin rajanaapuri Ranska
85%
Kolmanneksi suurin kaupunki München
83%
Toisiksi suurin kaupunki Hampuri
67%
Pisin joki Rein
61%
Yllä mainitun korkeus metreinä (pyöristettynä tuhansiin) 3000
33%
Yleisin sukunimi Müller
28%
Korkein kohta Zugspitze
17%
Suurin lentokenttä Frankfurtin lentokenttä
15%
Ehtoja vastaavia visoja ei löytynyt
Tulosjakauma
Jokaisen tuloksen saaneiden osuus
Persentiili vastausten määrän mukaan
Tuloshistoriasi
Et ole pelannut tätä visaa